000 00306nam a2200133 i 4500
001 bg
100 1 _aMOSER, Miklas
245 0 _aMicrostructures of ceramics /
_cMiklas Moser.
260 _aBudapest,
_c1981.
040 _cBPK
041 _apol
942 _cKS
008 s pl f |000 0 pol
999 _c19866
_d19866
856 _uhttp://koha.tu.koszalin.pl/cgi-bin/koha/opac-detail.pl?biblionumber=19866
_yKatalog online BPK